KFZ-Kennzeichen der Großstädte - Statistiken

Allgemein
  • Dieses Quiz wurde 928 mal gespielt
  • Das Durchschnittsergebnis liegt bei 66 aus 83
Antwortstatistiken
Abkürzung Bundesland Stadt bzw. Stadtkreis % Korrekt
B Berlin
99%
A Bayern Augsburg
96%
F Hessen Frankfurt am Main
95%
D Nordrhein-Westfalen Düsseldorf
94%
E Nordrhein-Westfalen Essen
94%
M Bayern München
94%
MUC Bayern München
94%
AC Nordrhein-Westfalen Aachen
93%
BN Nordrhein-Westfalen Bonn
93%
DO Nordrhein-Westfalen Dortmund
93%
EF Thüringen Erfurt
93%
H Niedersachsen Hannover
93%
K Nordrhein-Westfalen Köln
93%
KI Schleswig-Holstein Kiel
92%
C Sachsen Chemnitz
91%
DD Sachsen Dresden
91%
N Bayern Nürnberg
91%
HH Hansestadt Hamburg
90%
L Sachsen Leipzig
90%
LEV Nordrhein-Westfalen Leverkusen
90%
BI Nordrhein-Westfalen Bielefeld
89%
Niedersachsen Göttingen
89%
S Baden-Württemberg Stuttgart
89%
FR Baden-Württemberg Freiburg im Breisgau
88%
Bayern Fürth
88%
HAL Sachsen-Anhalt Halle (Saale)
88%
J Thüringen Jena
88%
P Brandenburg Potsdam
88%
BO Nordrhein-Westfalen Bochum
87%
DU Nordrhein-Westfalen Duisburg
87%
GE Nordrhein-Westfalen Gelsenkirchen
87%
HB Hansestadt Bremen
87%
R Bayern Regensburg
87%
SB Saarland Saarbrücken
87%
MD Sachsen-Anhalt Magdeburg
86%
WI Hessen Wiesbaden
86%
Bayern Würzburg
86%
DA Hessen Darmstadt
85%
HAM Nordrhein-Westfalen Hamm
85%
IN Bayern Ingolstadt
85%
UL Baden-Württemberg Ulm
85%
KA Baden-Württemberg Karlsruhe
84%
BOT Nordrhein-Westfalen Bottrop
83%
KS Hessen Kassel
83%
WOB Niedersachsen Wolfsburg
83%
ER Bayern Erlangen
82%
MZ Rheinland-Pfalz Mainz
81%
OF Hessen Offenbach am Main
81%
TR Rheinland-Pfalz Trier
80%
OL Niedersachsen Oldenburg
79%
BS Niedersachsen Braunschweig
78%
CB Brandenburg Cottbus
78%
KO Rheinland-Pfalz Koblenz
78%
MA Baden-Württemberg Mannheim
78%
SI Nordrhein-Westfalen Siegen
77%
HD Baden-Württemberg Heidelberg
76%
HRO Mecklenburg-Vorpommern Hansestadt Rostock
75%
OS Niedersachsen Osnabrück
75%
PB Nordrhein-Westfalen Paderborn
75%
OB Nordrhein-Westfalen Oberhausen
72%
W Nordrhein-Westfalen Wuppertal
72%
HI Niedersachsen Hildesheim
71%
KR Nordrhein-Westfalen Krefeld
71%
PF Baden-Württemberg Pforzheim
70%
GL Nordrhein-Westfalen Bergisch Gladbach
69%
HL Schleswig-Holstein Hansestadt Lübeck
69%
MG Nordrhein-Westfalen Mönchengladbach
69%
HER Nordrhein-Westfalen Herne
67%
KL Rheinland-Pfalz Kaiserslautern
67%
MS Nordrhein-Westfalen Münster
67%
LU Rheinland-Pfalz Ludwigshafen am Rhein
65%
NE Nordrhein-Westfalen Neuss
63%
RT Baden-Württemberg Reutlingen
63%
HN Baden-Württemberg Heilbronn
62%
SZ Niedersachsen Salzgitter
61%
HU Hessen Hanau
60%
RE Nordrhein-Westfalen Recklinghausen
59%
GT Nordrhein-Westfalen Gütersloh
57%
HA Nordrhein-Westfalen Hagen
54%
MO Nordrhein-Westfalen Moers
52%
RS Nordrhein-Westfalen Remscheid
50%
MH Nordrhein-Westfalen Mülheim an der Ruhr
48%
SG Nordrhein-Westfalen Solingen
46%
Keine übereinstimmenden Quizze gefunden
Verteilung der Resultate
Anzahl Personen mit jedem Resultat
Perzentil nach korrekt beantworteten Fragen
Ihre Resultats-Entwicklung
Sie haben dieses Quiz noch nicht gespielt